书目信息 |
| 题名: |
马克思主义的三个来源和三个组成部分
|
|
| 作者: | 列宁 著 ;中共中央马克思恩格斯列宁斯大林著作编译局 译 | |
| 分册: | ||
| 出版信息: | 北京 1967 |
|
| 页数: | 6页 | |
| 开本: | 20cm | |
| 丛书名: | ||
| 单 册: | ||
| 中图分类: | A224 | |
| 科图分类: | ||
| 主题词: | 列宁著作-马克思主义三个组成部分 , 马克思主义三个组成部分-列宁著作 | |
| 电子资源: | ||
| ISBN: | ||
| 000 | 00955nam0 2200241 45 | |
| 001 | 0192023998 | |
| 005 | 20060817091354.51 | |
| 010 | @dCNY0.03 | |
| 091 | @a1001.786 | |
| 100 | @a19921217d1967 em y0chiy0121 ea | |
| 101 | 0 | @achi |
| 102 | @aCN@b110000 | |
| 105 | @ay z }00yy | |
| 200 | 10 | @a马克思主义的三个来源和三个组成部分@AMA KE SI ZHU YI DE SAN GE LAI YUANHE SAN GE ZU CHENG BU FEN@f列宁著@Flie ning zhu@g中共中央马克思恩格斯列宁斯大林著作编译局译@Gzhong gong zhong yang ma ke si en ge si lie ning si da lin zhu zuo bian yi ju yi |
| 210 | @a北京@b人民出版社@d1967 | |
| 215 | @a6页@d20cm | |
| 606 | @a列宁著作-马克思主义三个组成部分 | |
| 606 | @a马克思主义三个组成部分-列宁著作 | |
| 690 | @aA224@v三版 | |
| 701 | 1 | @a列宁@Alie ning@4著 |
| 712 | 02 | @a中共中央马克思恩格斯列宁斯大林著作编译局@Azhong gong zhong yang ma ke si en ge si lie ning si da lin zhu zuo bian yi ju@4译 |
| 801 | 0 | @aCN@bNLC@c20060817 |
| 905 | @dA224@e10:1303@f1@b65136 | |
| 马克思主义的三个来源和三个组成部分/列宁著/中共中央马克思恩格斯列宁斯大林著作编译局译.-北京(人民出版社),1967 |
| 6页;20cm |
| ISBN :CNY0.03 |
| ● |
| 相关链接 |
|
|
|
|
正题名:马克思主义的三个来源和三个组成部分
索取号:A224/10:1303
 
预约/预借
| 序号 | 登录号 | 条形码 | 馆藏地/架位号 | 状态 | 备注 |
| 1 | 0465229 | 204652296 | 密集书库/ [索取号:A224/10:1303] | 在馆 |